Computation of dissolved gas concentrations in water as functions of temperature, salinity, and pressure

Tallennettuna:
Bibliografiset tiedot
Päätekijä: Colt, John (Tekijä)
Aineistotyyppi: Kirja
Kieli:englanti
Julkaistu: Bethesda American Fisheries Society 1984
Sarja:American Fisheries Society Special Publication, 14
Aiheet:
Tagit: Lisää tagi
Ei tageja, Lisää ensimmäinen tagi!

MARC

LEADER 00000nam a2200000 a 4500
001 UCL5196
003 CL-VaPUC
008 040305e19840000US |||||||||||||||||eng|d
020 |a 0913235024 
082 0 4 |a 551.4601  |b COL  |2 21 
100 0 |a Colt, John  |e author  |9 482914 
245 1 0 |a Computation of dissolved gas concentrations in water as functions of temperature, salinity, and pressure 
300 |a 154 p 
942 |c BK 
945 |d 20040305 00:00:00  |a cmena 
260 |a Bethesda  |b American Fisheries Society  |c 1984 
650 0 |a Química del agua   |9 261152 
650 7 |a SALINIDAD  |2 CL-VaPUC  |9 263023 
650 7 |a TEMPERATURA DEL AGUA  |2 CL-VaPUC  |9 357453 
583 |a last modification  |c 20130422 12:15:08  |k Rodrigo Vera 
490 0 |a American Fisheries Society Special Publication, 14 
999 |c 307856  |d 307854 
952 |0 0  |1 0  |2 ddc  |4 0  |6 551_460100000000000_COL_1984  |7 0  |8 CCM  |9 373991  |a BIBCUR  |b BIBCUR  |c PAC  |d 2019-11-21  |i 3965422  |o 551.4601 COL 1984  |p 3965422  |r 2025-04-22  |w 2019-11-21  |y BK  |k CIM